15 Największych Miast Czech, Słowacji i Węgier na Mapie - Statystyki

Ogólne statystyki
  • Ten quiz został rozwiązany 59 razy
  • Średni wynik to 10 z 15
Odpowiedzi na mapie
Odpowiedzi zakodowano w zielono-czerwonej skali na mapie do tego quizu, zgodnie z poniższymi procentami.
 
Statystyki odpowiedzi
Państwo Miasto Populacja % Poprawnych
Słowacja Bratysława 480k
100%
Węgry Budapeszt 1,7 mln
100%
Czechy Praga 1,4 mln
100%
Czechy Brno 400k
95%
Czechy Ostrawa 280k
95%
Słowacja Koszyce 220k
89%
Czechy Liberec 110k
71%
Czechy Pilzno 190k
71%
Węgry Debreczyn 200k
61%
Węgry Miszkolc 140k
50%
Węgry Pecz 140k
50%
Węgry Gyor 130k
45%
Węgry Segedyn 160k
39%
Węgry Kecskemet 110k
24%
Węgry Nyiregyhaza 115k
21%
Nie znaleziono quizów pasujących do podanych kryteriów
Rozkład punktacji
Procent ludzi z każdym wynikiem
Percentyl według liczby udzielonych odpowiedzi
Twoja historia wyników
Nie rozwiązałeś tego quizu